| 000 | 01243nam1a2200265 i 4500 | ||
|---|---|---|---|
| 001 | RU\NLR\bibl\38882 | ||
| 005 | 20260407084443.0 | ||
| 035 | _a(NLR Aleph) 000037899 | ||
| 090 |
_a195869 _c195869 |
||
| 100 | _a19990719g19979999u y0rusy50 ca | ||
| 101 | 0 | _arus | |
| 102 | _aRU | ||
| 105 | _ay ||||||||| | ||
| 200 | 1 |
_aПрименение гипербарической оксигенации в амбулаторно-поликлинических условиях _eИнформ. письмо _fМ-во здравоохранения Рос. Федерации, Воронеж. гос. мед. акад. им. Н.Н.Бурденко, Террит.-мед. об-ние N10 |
|
| 210 |
_aВоронеж _cВГМА _d1997 |
||
| 215 | _d20 | ||
| 463 | 0 | _100138177 | |
| 606 |
_aГипербарооксигенотерапия _jМетодические пособия _9922672 _3RU\NLR\auth\6619652 |
||
| 686 | _aР358.5я8 | ||
| 712 | 0 | 2 |
_4570 _aВоронежская государственная медицинская академия им. Н. Н. Бурденко _3RU\NLR\AUTH\8812457 _9297688 |
| 801 | 0 |
_aRU _bNLR _c19990719 _gPSBO |
|
| 801 | 1 |
_aRU _bNLR _c19990719 |
|
| 852 |
_aNLR _j99-4/3837 |
||
| 942 | _cBOOK | ||